000 00370nam a22001217a 4500
999 _c2280
_d2280
005 20200910162115.0
008 200910b ||||| |||| 00| 0 eng d
020 _a0134115139
040 _cCML
245 _aChoices in Literature: Where Paths Meet.
_cElizabeth, F.A.
260 _aNew York
_bPrentice Hall
_c1987
942 _2ddc
_cBK
_e1st Edition
_h808
_mEPS